Kariera klubowa Artura Boruca - Statystyki

Ogólne statystyki
  • Ten quiz został rozwiązany 502 razy
  • Średni wynik to 4 z 8
Statystyki odpowiedzi
Lata gry Klub % Poprawnych
1999 - 2005 Legia Warszawa
96%
2020 - 2022 Legia Warszawa
96%
2005 - 2010 Celtic Glasgow
86%
2014 - 2020 Bournemouth
51%
2010 - 2012 Fiorentina
39%
2012 - 2015 Southampton
38%
1996 - 1999 Pogoń Siedlce
22%
2000 Dolcan Ząbki
11%
Nie znaleziono quizów pasujących do podanych kryteriów
Rozkład punktacji
Procent ludzi z każdym wynikiem
Percentyl według liczby udzielonych odpowiedzi
Twoja historia wyników
Nie rozwiązałeś tego quizu